Signs for these times : (Record no. 3011)

MARC details
000 -LEADER
fixed length control field 00963cam a2200301 a 4500
001 - CONTROL NUMBER
control field 226861
003 - CONTROL NUMBER IDENTIFIER
control field GBCCL
005 - DATE AND TIME OF LATEST TRANSACTION
control field 20241126110445.0
008 - FIXED-LENGTH DATA ELEMENTS--GENERAL INFORMATION
fixed length control field 981219s1998 moua 000 0 eng d
010 ## -
-- 99193147
020 ## - INTERNATIONAL STANDARD BOOK NUMBER
International Standard Book Number 0570053307
035 ## - SYSTEM CONTROL NUMBER
System control number (DLC) 99193147
035 ## - SYSTEM CONTROL NUMBER
System control number (OCoLC)40522411
040 ## - CATALOGING SOURCE
Original cataloging agency MoS
Transcribing agency MoS
Modifying agency DLC
042 ## -
-- lccopycat
050 00 -
-- BV652.23
-- .G57 1998
082 00 - DEWEY DECIMAL CLASSIFICATION NUMBER
Classification number 254.4
Edition information 21
Item number GLU
100 1# - MAIN ENTRY--PERSONAL NAME
Personal name Glusenkamp, Ronald T.
9 (RLIN) 6260
245 10 - TITLE STATEMENT
Title Signs for these times :
Remainder of title church signs that work /
Statement of responsibility, etc. Ronald T. Glusenkamp.
260 ## - PUBLICATION, DISTRIBUTION, ETC.
Place of publication, distribution, etc. St. Louis, Mo. :
Name of publisher, distributor, etc. Concordia Pub. House,
Date of publication, distribution, etc. c1998.
300 ## - PHYSICAL DESCRIPTION
Extent 126 p. :
Other physical details ill. ;
Dimensions 23 cm.
650 #0 - SUBJECT ADDED ENTRY--TOPICAL TERM
Topical term or geographic name entry element Church marketing.
9 (RLIN) 6261
650 #0 - SUBJECT ADDED ENTRY--TOPICAL TERM
Topical term or geographic name entry element Signs and signboards.
9 (RLIN) 6262
650 #0 - SUBJECT ADDED ENTRY--TOPICAL TERM
Topical term or geographic name entry element Religion
Form subdivision Quotations, maxims, etc.
9 (RLIN) 6263
906 ## - LOCAL DATA ELEMENT F, LDF (RLIN)
a 7
b cbc
c copycat
d 3
e ncip
f 19
g y-gencatlg
942 ## - ADDED ENTRY ELEMENTS (KOHA)
Source of classification or shelving scheme Dewey Decimal Classification
Koha item type Books
Holdings
Withdrawn status Lost status Source of classification or shelving scheme Damaged status Not for loan Home library Current Library Shelving location Date acquired Total checkouts Full call number Barcode Date last seen Copy number Price effective from Koha item type
    Dewey Decimal Classification     GRACE BIBLE COLLEGE GRACE BIBLE COLLEGE Ministry & Mission 2017-10-11   254.4 GLU 008850 2025-05-01 c.1 2017-10-11 Books
© Grace Bible College Library 2025